Logo BPK

Biblioteka

Politechniki Koszalińskiej

Rolnictwo i sektor żywnościowy w 2002 roku : (Rekord nr 35427)

Szczegóły MARC
000 -ETYKIETA REKORDU
podpole kontrolne o stałej długości 00912nam a2200229 i 4500
001 - NUMER KONTROLNY REKORDU
pole kontrolne bg
020 ## - MIĘDZYNARODOWY ZNORMALIZOWANY NUMER KSIĄŻKI - ISBN
ISBN 8386815930
040 ## - ŹRÓDŁO KATALOGOWANIA
Instytucja, która utworzyła rekord BPK
041 0# - KOD JĘZYKA
Kod języka tekstu pol
080 ## - UNIWERSALNA KLASYFIKACJA DZIESIĘTNA - UKD
UKD 338.43(438)"1989/..."(083.41)
920 ## - Międzynarodowy znormalizowany numer książki – ISBN
ISBN 83-86815-93-0
008 - POLE O STAŁEJ DŁUGOŚCI - DANE KONTROLNE
podpole kontrolne o stałej długości s pl f |000 0 pol
245 00 - TYTUŁ/ODPOWIEDZIALNOŚĆ
Tytuł Rolnictwo i sektor żywnościowy w 2002 roku :
Ciąg dalszy tytułu na podstawie analizy produkcyjno-ekonomicznej sytuacji rolnictwa i gospodarki żywnościowej w 2002 roku /
Pozostałe elementy strefy tytułu i oznaczenia odpowiedzialności oprac. Augustyn Woś ; Instytut Ekonomiki Rolnictwa i Gospodarki Żywnościowej.
260 ## - STREFA ADRESU WYDAWNICZEGO
Miejsce wydania Warszawa :
Nazwa wydawcy/dystrybutora IERiGŻ,
Data publikacji, dystrybucji/powstania dokumentu 2003.
300 ## - STREFA OPISU FIZYCZNEGO
Objętość 42, [1] s. ;
Rozmiary 25 cm.
650 #9 - HASŁO PRZEDMIOTOWE W FORMIE NAZWY OGÓLNEJ LUB JEDNOSTKOWEJ
Nazwa ogólna lub geograficzna Gospodarka żywnościowa
Określnik geograficzny Polska
Określnik chronologiczny od 1989 r.
650 #9 - HASŁO PRZEDMIOTOWE W FORMIE NAZWY OGÓLNEJ LUB JEDNOSTKOWEJ
Nazwa ogólna lub geograficzna Rolnictwo
Określnik ogólny finanse
Określnik geograficzny Polska
Określnik chronologiczny od 1989 r.
650 #9 - HASŁO PRZEDMIOTOWE W FORMIE NAZWY OGÓLNEJ LUB JEDNOSTKOWEJ
Nazwa ogólna lub geograficzna Rynek
Określnik ogólny rolnictwo
Określnik geograficzny Polska
Określnik chronologiczny od 1989 r.
700 1# - HASŁO DODATKOWE - NAZWA OSOBOWA
Nazwa osobowa WOŚ, Augustyn.
Określenie związku między hasłem a opisywanym materiałem Oprac.
710 #0 - HASŁO DODATKOWE - NAZWA CIAŁA ZBIOROWEGO
Nazwa ciała zbiorowego lub jednostki geograficznej Instytut Ekonomiki Rolnictwa i Gospodarki Żywnościowej (Warszawa)
856 ## - LOKALIZACJA I DOSTĘP DO ELEKTRONICZNYCH DOKUMENTÓW ZDALNYCH
Link (URL) http://koha.tu.koszalin.pl/cgi-bin/koha/opac-detail.pl?biblionumber=35427
Tekst linku Katalog online BPK
942 ## - DODATKOWE ELEMENTY (KOHA)
Typ dokumentu Książka
Egzemplarze
Wycofany Status egzemplarza Uszkodzony Dostępność Lokalizacja stała Lokalizacja bieżąca Miejsce przechowywania Sygnatura Kod kreskowy Typ dokumentu
      Dostępny Biblioteka Politechniki Koszalińskiej Biblioteka Politechniki Koszalińskiej Wypożyczalnia BG S 147 02047072 Książka
© 2023 Biblioteka Politechniki Koszalińskiej :: KOHA